000 00585nam a22001817a 4500
003 OSt
005 20260430022553.0
008 260430b |||||||| |||| 00| 0 eng d
020 _a9789710573790
040 _aDWCL Main Lib.
_cOC
082 _aF L177a 2015
100 _aLago, Jahric
245 _aAnong klaseng estudyante ka? :
_ba collection humorous ruminations on student life /
_cJahric Lago
250 _a10th anniversary edition.
260 _aQuezon City, Philippines :
_bPSICOM Publishing,
_cc2015
300 _a128 pages :
_billustrations ;
_c18cm.
942 _2ddc
_cFIC.
_n0
999 _c10073
_d10073